Random Sequential Asian Countries on a Map - With Wammies - Statistics

General Stats
  • This quiz has been taken 30 times
  • The average score is 24 of 48
Answers on the Map
Answers color-coded by a green-red scale on the quiz's map according to % correct below.
 
Answer Stats
Country % Correct
Iran
70%
Saudi Arabia
70%
Vietnam
70%
Iraq
60%
Japan
60%
Kyrgyzstan
60%
Mongolia
60%
Pakistan
60%
South Korea
60%
Taiwan
60%
Turkey
60%
United Arab Emirates
60%
Afghanistan
50%
Azerbaijan
50%
Bahrain
50%
China
50%
Cyprus
50%
India
50%
Indonesia
50%
Israel
50%
Jordan
50%
Kazakhstan
50%
Kuwait
50%
Lebanon
50%
Myanmar
50%
Nepal
50%
North Korea
50%
Philippines
50%
Qatar
50%
Sri Lanka
50%
Syria
50%
Thailand
50%
Turkmenistan
50%
Armenia
40%
Bangladesh
40%
Bhutan
40%
Brunei
40%
Cambodia
40%
East Timor
40%
Georgia
40%
Laos
40%
Malaysia
40%
Maldives
40%
Oman
40%
Singapore
40%
Tajikistan
40%
Uzbekistan
40%
Yemen
40%
No matching quizzes found
Score Distribution
Percent of People with Each Score
Percentile by Number Answered
Your Score History
You have not taken this quiz